[Event "Cannes op 26th"]
[Site "Cannes"]
[Date "2014.07.10"]
[Round "6"]
[White "Afraoui, Anaelle"]
[Black "Waquet, Frederic"]
[Result "0-1"]
[WhiteElo "1838"]
[BlackElo "1990"]
[PlyCount "66"]
[EventDate "2014.07.07"]
[EventType "swiss"]
[EventRounds "9"]
[EventCountry "FRA"]
[SourceTitle "EXT 2015"]
[Source "ChessBase"]
[SourceDate "2014.11.20"]
[SourceVersion "1"]
[SourceVersionDate "2014.11.20"]
[SourceQuality "1"]

1. e4 e6 2. d4 d5 3. e5 c5 4. c3 Qb6 5. Nf3 Nc6 6. a3 c4 7. Be2 Na5 8. Nbd2 Bd7 9. 0-0 0-0-0 10. Rb1 f6 11. Qe1 Ne7 12. Bd1 Nec6 13. b3 cxb3 14. Nxb3 Nc4 15. Nbd2 Qa6 16. Nxc4 dxc4 17. exf6 gxf6 18. Be2 Bd6 19. Nd2 Na5 20. Ne4 Be7 21. Bh6 Rhg8 22. Bh5 Be8 23. Ng3 Bxh5 24. Nxh5 Qc6 25. Nf4 e5 26. dxe5 fxe5 27. Qxe5 Qxh6 28. Qf5+ Kb8 29. Qxa5 Qxf4 30. Rxb7+ Kxb7 31. Rb1+ Ka8 32. Qb5 Qc7 33. Qf5 Qc6 0-1

[Event "Caen op"]
[Site "Caen"]
[Date "2013.10.31"]
[Round "2"]
[White "Waquet, Frederic"]
[Black "Godart, Francois"]
[Result "0-1"]
[WhiteElo "1976"]
[BlackElo "2353"]
[PlyCount "82"]
[EventDate "2013.10.31"]
[EventType "swiss"]
[EventRounds "7"]
[EventCountry "FRA"]
[SourceTitle "EXT 2015"]
[Source "ChessBase"]
[SourceDate "2014.11.20"]
[SourceVersion "1"]
[SourceVersionDate "2014.11.20"]
[SourceQuality "1"]

1. e4 e5 2. Nc3 Nf6 3. g3 d5 4. exd5 Nxd5 5. Bg2 Nxc3 6. bxc3 Nc6 7. Qe2 Bd6 8. Nf3 0-0 9. 0-0 Bg4 10. Qc4 Qd7 11. d3 h6 12. Rb1 Rab8 13. Be3 a6 14. Nd2 Na5 15. Qd5 b6 16. Nc4 Be6 17. Qf3 Nxc4 18. dxc4 Bxc4 19. Rfd1 Bxa2 20. Ra1 Be6 21. h3 a5 22. Qh5 Qe8 23. Bd5 Bxd5 24. Rxd5 f5 25. Qxe8 Rfxe8 26. Ra4 Kf7 27. Kf1 Ke6 28. Rd1 Ra8 29. c4 Red8 30. Re1 Bb4 31. Rb1 Bd2 32. Ke2 Bxe3 33. fxe3 Rdb8 34. Rd1 c6 35. Rda1 Rb7 36. R1a3 Kd6 37. Rd3+ Kc5 38. Rda3 e4 39. Ra1 Rd7 40. Rf1 g6 41. g4 Rad8 0-1

[Event "Fourmies op 37th"]
[Site "Fourmies"]
[Date "2013.05.19"]
[Round "4"]
[White "Waquet, Frederic"]
[Black "Guliyev, Namig"]
[Result "0-1"]
[WhiteElo "1923"]
[BlackElo "2550"]
[PlyCount "66"]
[EventDate "2013.05.18"]
[EventType "swiss"]
[EventRounds "7"]
[EventCountry "FRA"]
[SourceTitle "CBM 154 Extra"]
[Source "ChessBase"]
[SourceDate "2013.06.25"]
[SourceVersion "2"]
[SourceVersionDate "2013.06.25"]
[SourceQuality "1"]

1. d4 d5 2. Nf3 Nf6 3. e3 c5 4. c3 Qb6 5. Bd3 Nc6 6. Nbd2 Bg4 7. Qa4 c4 8. Bb1 Bd7 9. Qd1 e6 10. 0-0 Be7 11. b3 Qa5 12. Bb2 b5 13. a4 b4 14. cxb4 Qxb4 15. Ba3 Qc3 16. Qc1 Qxa1 17. Bb2 Ba3 18. Bxa3 c3 19. Ne5 Rc8 20. Ndf3 Nxe5 21. Nxe5 Ne4 22. Bxe4 Qxc1 23. Rxc1 dxe4 24. Nxd7 Kxd7 25. Bc5 a5 26. Rxc3 Rb8 27. f3 exf3 28. gxf3 Rb7 29. e4 Rhb8 30. b4 axb4 31. Rb3 Ra8 32. Kg2 Rxa4 33. Kg3 Kc6 0-1

[Event "La Fere op 11th"]
[Site "La Fere"]
[Date "2012.07.13"]
[Round "8"]
[White "Arnaudov, Petar G"]
[Black "Waquet, Frederic"]
[Result "1-0"]
[WhiteElo "2486"]
[BlackElo "1966"]
[PlyCount "72"]
[EventDate "2012.07.07"]
[EventType "swiss"]
[EventRounds "9"]
[EventCountry "FRA"]
[SourceTitle "CBM 149 Extra"]
[Source "ChessBase"]
[SourceDate "2012.08.24"]
[SourceVersion "1"]
[SourceVersionDate "2012.08.24"]
[SourceQuality "1"]

1. Nf3 Nf6 2. c4 c5 3. Nc3 e6 4. g3 b6 5. Bg2 Bb7 6. 0-0 Be7 7. Re1 d6 8. e4 Nbd7 9. d4 cxd4 10. Nxd4 Qb8 11. f4 0-0 12. e5 dxe5 13. fxe5 Ne8 14. Nc6 Bc5+ 15. Be3 Bxe3+ 16. Rxe3 Bxc6 17. Bxc6 Nxe5 18. Rxe5 Qxe5 19. Bxa8 Qc5+ 20. Kh1 Qxc4 21. Bf3 Nf6 22. Qe2 Qc5 23. Rd1 Rc8 24. Qa6 Rf8 25. Kg2 Qb4 26. Rd2 Qe7 27. Qb7 Qxb7 28. Bxb7 Rb8 29. Ba6 g6 30. Kf3 Kg7 31. a3 h6 32. Rd6 h5 33. h4 Ng4 34. Ne4 Ne5+ 35. Kf4 f6 36. Rxe6 Kf7 1-0

[Event "La Fere op 11th"]
[Site "La Fere"]
[Date "2012.07.12"]
[Round "7"]
[White "Waquet, Frederic"]
[Black "Durot, Edwige"]
[Result "1-0"]
[WhiteElo "1966"]
[BlackElo "1713"]
[PlyCount "141"]
[EventDate "2012.07.07"]
[EventType "swiss"]
[EventRounds "9"]
[EventCountry "FRA"]
[SourceTitle "CBM 149 Extra"]
[Source "ChessBase"]
[SourceDate "2012.08.24"]
[SourceVersion "1"]
[SourceVersionDate "2012.08.24"]
[SourceQuality "1"]

1. e4 c5 2. Nc3 a6 3. f4 b5 4. g3 Bb7 5. Bg2 e6 6. Qe2 d6 7. Nf3 Nd7 8. 0-0 Qc7 9. d3 Ne7 10. f5 e5 11. Ng5 Nf6 12. Be3 h6 13. Nh3 b4 14. Nd1 Nc6 15. c3 Be7 16. Ndf2 a5 17. Ng4 Rc8 18. Nhf2 Nh7 19. h4 Nb8 20. Rac1 bxc3 21. bxc3 Nd7 22. d4 Nhf6 23. Rfd1 Bd8 24. Rb1 Rb8 25. Rb2 Ba6 26. Qd2 Rxb2 27. Qxb2 Nxg4 28. Nxg4 Nf6 29. Nxf6+ Bxf6 30. dxc5 dxc5 31. Rd5 Be7 32. Bf1 Bxf1 33. Kxf1 0-0 34. Qd2 Rd8 35. Rxd8+ Bxd8 36. Bxc5 Bxh4 37. Qd6 Qxd6 38. Bxd6 Bxg3 39. a4 f6 40. Bc7 Bf4 41. Bxa5 Be3 42. Bb4 Kf7 43. Ke2 Ba7 44. Kf3 g6 45. Kg4 h5+ 46. Kg3 g5 47. c4 Ke8 48. a5 Kd7 49. Bf8 Ke8 50. Bb4 Kd7 51. Kf3 Ke8 52. a6 Kd7 53. Ba5 Bc5 54. Bb4 Ba7 55. Bf8 Ke8 56. Bd6 Kd8 57. c5 Kd7 58. Kg3 g4 59. Bf8 Kc6 60. Be7 Kb5 61. Bxf6 Bxc5 62. Be7 Be3 63. a7 Bxa7 64. f6 Be3 65. f7 Bh6 66. Kh4 Bg7 67. Bd6 Kc4 68. Bxe5 Bf8 69. Bf6 Kd3 70. e5 Ke4 71. e6 1-0

[Event "La Fere op 11th"]
[Site "La Fere"]
[Date "2012.07.09"]
[Round "4"]
[White "Fauchart, Francois"]
[Black "Waquet, Frederic"]
[Result "0-1"]
[WhiteElo "1639"]
[BlackElo "1966"]
[PlyCount "52"]
[EventDate "2012.07.07"]
[EventType "swiss"]
[EventRounds "9"]
[EventCountry "FRA"]
[SourceTitle "CBM 149 Extra"]
[Source "ChessBase"]
[SourceDate "2012.08.24"]
[SourceVersion "1"]
[SourceVersionDate "2012.08.24"]
[SourceQuality "1"]

1. d4 Nf6 2. Nf3 c5 3. c3 b6 4. Bf4 e6 5. h3 Bb7 6. Nbd2 Be7 7. e3 0-0 8. Be2 d6 9. 0-0 Nbd7 10. Nc4 Ne4 11. Bd3 f5 12. Bxe4 fxe4 13. Nfd2 Nf6 14. Re1 b5 15. Na3 a6 16. Qb3 c4 17. Qd1 Qe8 18. g4 Qg6 19. Kh2 h5 20. g5 Nd5 21. Bg3 Bxg5 22. Rf1 Be7 23. h4 Nf6 24. Nc2 Ng4+ 25. Kg2 Bxh4 26. Qe2 Nxf2 0-1

[Event "Fourmies op 35th"]
[Site "Fourmies"]
[Date "2011.06.13"]
[Round "6"]
[White "Waquet, Frederic"]
[Black "Molnar, Laszlo"]
[Result "0-1"]
[WhiteElo "1966"]
[BlackElo "2176"]
[PlyCount "84"]
[EventDate "2011.06.11"]
[EventType "swiss"]
[EventRounds "7"]
[EventCountry "FRA"]
[SourceTitle "CBM 142 Extra"]
[Source "ChessBase"]
[SourceDate "2011.06.27"]
[SourceVersion "1"]
[SourceVersionDate "2011.06.27"]
[SourceQuality "1"]

1. e4 e5 2. Nc3 Nc6 3. g3 Nf6 4. Bg2 Bc5 5. Nge2 d6 6. Na4 Bb6 7. Nxb6 axb6 8. d4 exd4 9. Nxd4 0-0 10. 0-0 h6 11. Bf4 Nd7 12. Be3 Nde5 13. h3 Qf6 14. b3 Bxh3 15. Nb5 Bxg2 16. Kxg2 Rac8 17. f4 Nd7 18. Rh1 Nc5 19. Qf3 Rfe8 20. Bxc5 bxc5 21. Rae1 Re7 22. Nc3 Ree8 23. Nd5 Qb2 24. Qg4 Kf8 25. Re2 Nb4 26. Ne3 Rcd8 27. a3 Nc6 28. Nd5 Nd4 29. Rf2 Rxe4 30. Rxh6 gxh6 31. Qh4 Nf5 32. Qxd8+ Re8 33. Qxc7 Qd4 34. c4 Qe4+ 35. Kh2 Qd3 36. Rg2 Re2 37. Qd8+ Kg7 38. Qf6+ Kg8 39. Qd8+ Kh7 40. Nf6+ Kg6 41. Qg8+ Kxf6 42. Qh8+ Ke7 0-1

[Event "La Fere op"]
[Site "La Fere"]
[Date "2010.07.10"]
[Round "9"]
[White "Koechler, Thomas"]
[Black "Waquet, Frederic"]
[Result "1-0"]
[WhiteElo "1299"]
[BlackElo "1969"]
[PlyCount "61"]
[EventDate "2010.07.03"]
[EventType "swiss"]
[EventRounds "9"]
[EventCountry "FRA"]
[SourceTitle "CBM 137 Extra"]
[Source "ChessBase"]
[SourceDate "2010.09.01"]
[SourceVersion "1"]
[SourceVersionDate "2010.09.01"]
[SourceQuality "1"]

1. e4 e6 2. d4 d5 3. e5 c5 4. c3 Nc6 5. Nf3 Qb6 6. Be2 cxd4 7. cxd4 Nh6 8. Bxh6 Qxb2 9. 0-0 Qxa1 10. Qb3 a5 11. Nc3 a4 12. Qc2 Qxf1+ 13. Bxf1 gxh6 14. Nb5 Kd7 15. h3 Be7 16. Nh2 h5 17. Be2 Ra5 18. Qb2 a3 19. Qb3 f6 20. f4 f5 21. Bxh5 Rg8 22. Bf3 Rg6 23. g4 Nb4 24. Nc3 b6 25. Kh1 Ba6 26. gxf5 Bc4 27. fxe6+ Kd8 28. Qb1 b5 29. f5 Rg5 30. f6 Bxf6 31. Qxb4 1-0

[Event "La Fere op"]
[Site "La Fere"]
[Date "2010.07.05"]
[Round "4"]
[White "Waquet, Frederic"]
[Black "Durot, Edwige"]
[Result "1-0"]
[WhiteElo "1969"]
[BlackElo "1745"]
[PlyCount "71"]
[EventDate "2010.07.03"]
[EventType "swiss"]
[EventRounds "9"]
[EventCountry "FRA"]
[SourceTitle "CBM 137 Extra"]
[Source "ChessBase"]
[SourceDate "2010.09.01"]
[SourceVersion "1"]
[SourceVersionDate "2010.09.01"]
[SourceQuality "1"]

1. e4 c5 2. Nf3 e6 3. d3 Nc6 4. g3 d6 5. Bg2 Nf6 6. 0-0 Qc7 7. Re1 Be7 8. Nbd2 0-0 9. c3 Ne5 10. Qe2 Bd7 11. Nf1 Bc6 12. Nxe5 dxe5 13. f4 exf4 14. Bxf4 e5 15. Bg5 h6 16. Be3 b6 17. g4 Nh7 18. Ng3 Bg5 19. Nf5 Bd7 20. h4 Bxe3+ 21. Qxe3 Bxf5 22. exf5 Rae8 23. g5 hxg5 24. hxg5 Qe7 25. g6 Nf6 26. Rf1 Rd8 27. Rae1 Rfe8 28. Bc6 Rf8 29. Qh3 Qd6 30. Be4 Rfe8 31. Re2 Kf8 32. Qh8+ Ng8 33. f6 gxf6 34. gxf7 Kxf7 35. Qh7+ Kf8 36. Rg2 1-0

[Event "La Fere op"]
[Site "La Fere"]
[Date "2010.07.04"]
[Round "2"]
[White "Waquet, Frederic"]
[Black "Fomichenko, Svetlana"]
[Result "0-1"]
[WhiteElo "1969"]
[BlackElo "2218"]
[PlyCount "100"]
[EventDate "2010.07.03"]
[EventType "swiss"]
[EventRounds "9"]
[EventCountry "FRA"]
[SourceTitle "CBM 137 Extra"]
[Source "ChessBase"]
[SourceDate "2010.09.01"]
[SourceVersion "1"]
[SourceVersionDate "2010.09.01"]
[SourceQuality "1"]

1. e4 c5 2. b3 Nc6 3. Bb2 e5 4. f4 exf4 5. Qf3 Qh4+ 6. g3 fxg3 7. hxg3 Qe7 8. Ne2 d6 9. Nbc3 Nf6 10. 0-0-0 Bg4 11. Qf4 h5 12. Re1 0-0-0 13. Bh3 Bxh3 14. Rxh3 Qd7 15. Rhh1 Qg4 16. Rh4 Qxf4 17. Rxf4 Ne5 18. Nd5 Nxd5 19. exd5 f6 20. d4 Ng4 21. Re4 g6 22. Nf4 Bh6 23. Kb1 Bxf4 24. Rxf4 Rde8 25. Rfe4 Kd7 26. Re6 Rxe6 27. dxe6+ Kc7 28. c4 cxd4 29. Bxd4 Re8 30. Kc2 Ne5 31. Kc3 Rxe6 32. b4 a6 33. a4 Kd7 34. Rf1 f5 35. Rd1 Nf3 36. Bc5 Ng5 37. Rd3 Ne4+ 38. Kb3 Nxg3 39. Bxd6 Rxd6 40. Rxg3 h4 41. Rf3 Rf6 42. b5 g5 43. c5 axb5 44. axb5 g4 45. Rd3+ Kc7 46. Re3 f4 47. Re7+ Kc8 48. b6 f3 49. Rc7+ Kb8 50. Rg7 Rf8 0-1

[Event "Lille Luce op 1st"]
[Site "Lille"]
[Date "2010.04.05"]
[Round "3"]
[White "Waquet, Frederic"]
[Black "Laine, Panu"]
[Result "0-1"]
[WhiteElo "1969"]
[BlackElo "2203"]
[PlyCount "72"]
[EventDate "2010.04.03"]
[EventType "swiss"]
[EventRounds "9"]
[EventCountry "FRA"]
[SourceTitle "EXT 2011"]
[Source "ChessBase"]
[SourceDate "2010.11.26"]
[SourceVersion "1"]
[SourceVersionDate "2010.11.26"]
[SourceQuality "1"]

1. d4 Nf6 2. Nf3 e6 3. e3 c5 4. Nbd2 b6 5. Bd3 Bb7 6. dxc5 Bxc5 7. e4 Nc6 8. Qe2 Nb4 9. 0-0 Nxd3 10. cxd3 0-0 11. e5 Nd5 12. Ne4 Be7 13. Bg5 f6 14. exf6 Nxf6 15. Rac1 Nd5 16. Bxe7 Qxe7 17. Nfg5 Nf4 18. Qg4 Rf5 19. h4 h6 20. Ng3 Rff8 21. N5e4 d5 22. Nc3 Nxd3 23. Rc2 Rac8 24. Qd4 Nf4 25. h5 e5 26. Qd2 Qg5 27. Nb5 d4 28. Nd6 Rxc2 29. Qxc2 Bxg2 30. Re1 d3 31. Qc3 d2 32. Rd1 Bf3 33. Rxd2 Nxh5 34. Qc4+ Kh7 35. Qc2+ Kh8 36. Nde4 Bxe4 0-1

[Event "La Fere op 8th"]
[Site "La Fere"]
[Date "2009.07.09"]
[Round "7"]
[White "Waquet, Frederic"]
[Black "Genov, Petar"]
[Result "0-1"]
[WhiteElo "2005"]
[BlackElo "2478"]
[PlyCount "56"]
[EventDate "2009.07.04"]
[EventType "swiss"]
[EventRounds "9"]
[EventCountry "FRA"]
[SourceTitle "CBM 131 Extra"]
[Source "ChessBase"]
[SourceDate "2009.09.03"]
[SourceVersion "2"]
[SourceVersionDate "2009.09.16"]
[SourceQuality "1"]

1. d4 Nf6 2. Nf3 b6 3. Bg5 e6 4. Nbd2 Bb7 5. e3 Be7 6. Bd3 c5 7. c3 d6 8. 0-0 Nbd7 9. e4 0-0 10. Qe2 h6 11. Bxf6 Bxf6 12. Rad1 Qc7 13. Rfe1 Rad8 14. Nc4 d5 15. Ncd2 cxd4 16. cxd4 dxe4 17. Nxe4 Be7 18. Bb1 Nf6 19. Nxf6+ Bxf6 20. Ne5 Rd6 21. Qd3 g6 22. Rc1 Qe7 23. f4 Rfd8 24. Red1 Bxe5 25. fxe5 Rxd4 26. Qxd4 Rxd4 27. Rxd4 Qg5 28. Rc2 Qe3+ 0-1

[Event "La Fere op 6th"]
[Site "La Fere"]
[Date "2007.07.09"]
[Round "3"]
[White "Waquet, Frederic"]
[Black "Dagnicourt, Francis"]
[Result "0-1"]
[WhiteElo "2059"]
[BlackElo "1787"]
[PlyCount "54"]
[EventDate "2007.07.07"]
[EventType "swiss"]
[EventRounds "9"]
[EventCountry "FRA"]
[SourceTitle "CBM 119 Extra"]
[Source "ChessBase"]
[SourceDate "2007.09.04"]
[SourceVersion "1"]
[SourceVersionDate "2007.09.04"]
[SourceQuality "1"]

1. e4 d6 2. d4 Nf6 3. Nc3 g6 4. f3 Bg7 5. Be3 c6 6. Qd2 h6 7. 0-0-0 b5 8. Nce2 Qc7 9. h4 h5 10. Nh3 a5 11. Kb1 Na6 12. Nc1 Bd7 13. Bd3 c5 14. dxc5 Nxc5 15. Nf4 b4 16. Rhe1 Na4 17. Bd4 e5 18. Nd5 Nxd5 19. exd5 0-0 20. b3 exd4 21. bxa4 Bxa4 22. g4 hxg4 23. fxg4 Be5 24. h5 Qc3 25. Qg5 Bxc2+ 26. Bxc2 d3 27. Rxe5 dxc2# 0-1

[Event "La Fere op 6th"]
[Site "La Fere"]
[Date "2007.07.07"]
[Round "1"]
[White "Waquet, Frederic"]
[Black "Gozzoli, Yannick"]
[Result "0-1"]
[WhiteElo "2059"]
[BlackElo "2470"]
[PlyCount "52"]
[EventDate "2007.07.07"]
[EventType "swiss"]
[EventRounds "9"]
[EventCountry "FRA"]
[SourceTitle "CBM 119 Extra"]
[Source "ChessBase"]
[SourceDate "2007.09.04"]
[SourceVersion "1"]
[SourceVersionDate "2007.09.04"]
[SourceQuality "1"]

1. e4 Nf6 2. Nc3 e5 3. f4 d5 4. fxe5 Nxe4 5. d3 Nxc3 6. bxc3 c5 7. Nf3 Nc6 8. d4 Bg4 9. Bb5 cxd4 10. Bxc6+ bxc6 11. cxd4 Bb4+ 12. Kf1 0-0 13. Rb1 Be7 14. h3 Bh5 15. g4 Bg6 16. Kg2 Be4 17. Rf1 f5 18. Kg3 fxg4 19. hxg4 Qd7 20. Rb3 Qe6 21. Rf2 Qg6 22. Rb7 h5 23. Rxe7 Qxg4+ 24. Kh2 Bxf3 25. Qf1 Qh4+ 26. Qh3 Qxf2+ 0-1

[Event "La Fere op 5th"]
[Site "La Fere"]
[Date "2006.07.12"]
[Round "6"]
[White "Waquet, Frederic"]
[Black "Mestdagh, Franck"]
[Result "1-0"]
[WhiteElo "2080"]
[BlackElo "1901"]
[PlyCount "51"]
[EventDate "2006.07.08"]
[EventType "swiss"]
[EventRounds "9"]
[EventCountry "FRA"]
[SourceTitle "CBM 113 Extra"]
[Source "ChessBase"]
[SourceDate "2006.09.14"]
[SourceVersion "1"]
[SourceVersionDate "2006.09.14"]
[SourceQuality "1"]

1. e4 c5 2. Nf3 e6 3. d3 d5 4. Nbd2 Nf6 5. g3 Nc6 6. Bg2 Be7 7. 0-0 Qc7 8. Re1 b6 9. c3 dxe4 10. dxe4 0-0 11. Qc2 Ba6 12. e5 Nd7 13. Nf1 Ndxe5 14. Nxe5 Nxe5 15. Bf4 Bd6 16. Bxe5 Bxe5 17. Bxa8 Rxa8 18. Qe4 Bb7 19. Qxe5 Qc6 20. f3 Qxf3 21. Re2 Rd8 22. Qe3 Qh1+ 23. Kf2 Rd5 24. Ke1 Ba6 25. Qe4 Qg1 26. Qxd5 1-0

[Event "La Fere op 5th"]
[Site "La Fere"]
[Date "2006.07.11"]
[Round "5"]
[White "Wallart, Francois"]
[Black "Waquet, Frederic"]
[Result "0-1"]
[WhiteElo "1848"]
[BlackElo "2080"]
[PlyCount "60"]
[EventDate "2006.07.08"]
[EventType "swiss"]
[EventRounds "9"]
[EventCountry "FRA"]
[SourceTitle "CBM 113 Extra"]
[Source "ChessBase"]
[SourceDate "2006.09.14"]
[SourceVersion "1"]
[SourceVersionDate "2006.09.14"]
[SourceQuality "1"]

1. e4 e6 2. d4 d5 3. e5 c5 4. c3 Qb6 5. Nf3 Nc6 6. b3 cxd4 7. cxd4 Bb4+ 8. Ke2 Bd7 9. a3 Be7 10. Nc3 Rc8 11. Na4 Qc7 12. Bd2 f6 13. g3 fxe5 14. dxe5 Nxe5 15. Bf4 Bd6 16. Nxe5 Bxe5 17. Rc1 Bc6 18. Bd2 Ne7 19. Bh3 Nf5 20. Ke1 0-0 21. Bb4 Bd6 22. Nc5 Qe7 23. Rg1 Bb5 24. g4 Nh4 25. Bg2 Bxc5 26. Rxc5 Rxc5 27. Qd4 Rfc8 28. Kd2 Rc2+ 29. Ke3 Qg5+ 30. Qf4 Re2+ 0-1

[Event "La Fere op 5th"]
[Site "La Fere"]
[Date "2006.07.09"]
[Round "2"]
[White "Waquet, Frederic"]
[Black "Hutin, Evgueny"]
[Result "1/2-1/2"]
[WhiteElo "2080"]
[BlackElo "1880"]
[PlyCount "84"]
[EventDate "2006.07.08"]
[EventType "swiss"]
[EventRounds "9"]
[EventCountry "FRA"]
[SourceTitle "CBM 113 Extra"]
[Source "ChessBase"]
[SourceDate "2006.09.14"]
[SourceVersion "1"]
[SourceVersionDate "2006.09.14"]
[SourceQuality "1"]

1. e4 c5 2. Nf3 e6 3. d3 Qc7 4. g3 Nc6 5. Bg2 Nf6 6. 0-0 d5 7. Nbd2 Be7 8. Re1 0-0 9. e5 Ng4 10. Qe2 f6 11. exf6 Bxf6 12. Nb3 b6 13. h3 Nge5 14. Bf4 Nxf3+ 15. Bxf3 Be5 16. Bxe5 Qxe5 17. Qxe5 Nxe5 18. Bxd5 exd5 19. Rxe5 Bxh3 20. Rxd5 Rae8 21. Nd2 Re2 22. Ne4 Rxc2 23. b3 Bf5 24. f4 Re2 25. Re5 Bg4 26. Nf2 Rxe5 27. fxe5 Bf5 28. Re1 Kf7 29. g4 Bg6 30. Kg2 Rd8 31. Re3 Ke6 32. Nh3 Ke7 33. Nf4 Bf7 34. g5 a5 35. Rh3 Bg6 36. Nxg6+ hxg6 37. Rh7 Kf7 38. Rh3 Rd5 39. Rf3+ Ke7 40. Re3 Ke6 41. Kf2 Rxe5 42. Rg3 Kf5 1/2-1/2

[Event "La Fere op 4th"]
[Site "La Fere"]
[Date "2005.07.06"]
[Round "6"]
[White "Marchal, Roger"]
[Black "Waquet, Frederic"]
[Result "0-1"]
[WhiteElo "1773"]
[BlackElo "2050"]
[PlyCount "62"]
[EventDate "2005.07.02"]
[EventType "swiss"]
[EventRounds "9"]
[EventCountry "FRA"]
[SourceTitle "CBM 107 Extra"]
[Source "ChessBase"]
[SourceDate "2005.09.01"]
[SourceVersion "1"]
[SourceVersionDate "2005.09.01"]
[SourceQuality "1"]

1. c4 Nf6 2. g3 e5 3. Bg2 c6 4. Nf3 d6 5. 0-0 Be7 6. b3 0-0 7. Bb2 Re8 8. d4 e4 9. Nfd2 d5 10. e3 Bg4 11. Qc1 Na6 12. Ba3 Nb4 13. Bxb4 Bxb4 14. c5 Qd7 15. a3 Ba5 16. b4 Bc7 17. Nc3 h5 18. h4 Bh3 19. Kh2 Ng4+ 20. Kg1 Nxe3 21. fxe3 Bxg3 22. Ndxe4 dxe4 23. Ne2 Bxh4 24. Nf4 Bg4 25. Qd2 g5 26. Ne2 f5 27. Nc3 Rad8 28. Qa2+ Kg7 29. Bxe4 fxe4 30. d5 cxd5 31. Nxd5 Qxd5 0-1

[Event "La Fere op 3rd"]
[Site "La Fere"]
[Date "2004.07.07"]
[Round "7"]
[White "Dobrev, Nanko"]
[Black "Waquet, Frederic"]
[Result "1-0"]
[WhiteElo "2415"]
[BlackElo "2055"]
[PlyCount "55"]
[EventDate "2004.07.03"]
[EventType "swiss"]
[EventRounds "9"]
[EventCountry "FRA"]
[SourceTitle "CBM 101 Extra"]
[Source "ChessBase"]
[SourceDate "2004.09.01"]
[SourceVersion "2"]
[SourceVersionDate "2004.09.01"]
[SourceQuality "1"]

1. d4 Nf6 2. Nf3 c5 3. c3 g6 4. dxc5 Bg7 5. Nbd2 Qc7 6. Nb3 Na6 7. Qd4 Nh5 8. Qd5 Nf6 9. Qe5 Qxe5 10. Nxe5 Ne4 11. Nd3 Nxc3 12. bxc3 Bxc3+ 13. Bd2 Bxa1 14. Nxa1 b6 15. Nb3 bxc5 16. Nbxc5 Rb8 17. Kd1 Nxc5 18. Nxc5 d6 19. Nb3 Be6 20. Kc2 Kd7 21. e4 f5 22. Bd3 fxe4 23. Bxe4 Bf5 24. Re1 Rhc8+ 25. Kd3 Be6 26. Nd4 Bxa2 27. Bc6+ Rxc6 28. Rxe7+ 1-0